[Event "Titled Tuesday intern op 12th Mar Late"]
[Site "Chess.com INT"]
[Date "2024.03.12"]
[Round "1"]
[White "Quesada Perez, Yuniesky"]
[Black "Kopczynski, Michal"]
[Result "1-0"]
[WhiteElo "2591"]
[BlackElo "2225"]
[PlyCount "83"]
[EventDate "2024.03.12"]
[EventType "swiss (blitz)"]
[EventRounds "11"]
[EventCountry "USA"]
[SourceTitle "CB12_2024"]
[SourceDate "2023.10.01"]
[SourceVersion "1"]
[SourceVersionDate "2023.10.01"]
[SourceQuality "1"]

1. e4 b6 2. d4 Bb7 3. Bd3 e6 4. Nf3 Nf6 5. Qe2 d5 6. e5 Nfd7 7. Nbd2 c5 8. c3 Nc6 9. a3 Qc7 10. h4 0-0-0 11. b4 c4 12. Bc2 h6 13. Nf1 Be7 14. Ng3 g5 15. hxg5 hxg5 16. Rxh8 Rxh8 17. Bxg5 Nf8 18. Qe3 Ng6 19. Ke2 Bxg5 20. Qxg5 Nce7 21. Qf6 Ng8 22. Qg5 N8e7 23. Rh1 Rxh1 24. Nxh1 Qd8 25. Ng3 Qh8 26. Kd2 a5 27. Qh5 Qxh5 28. Nxh5 axb4 29. axb4 Bc6 30. Ng5 Be8 31. Nf6 Kd8 32. g3 Nf5 33. Bxf5 exf5 34. Nxd5 Bc6 35. Nxb6 f4 36. Nxf7+ Ke7 37. Ng5 fxg3 38. fxg3 Nf8 39. d5 Bxd5 40. Nxd5+ Kd7 41. Ke3 Ng6 42. Ke4 1-0

[Event "Titled Tuesday intern op 12th Mar Late"]
[Site "Chess.com INT"]
[Date "2024.03.12"]
[Round "3"]
[White "Quesada Perez, Yuniesky"]
[Black "Rogov, Matfey"]
[Result "1-0"]
[WhiteElo "2591"]
[BlackElo "2163"]
[PlyCount "121"]
[EventDate "2024.03.12"]
[EventType "swiss (blitz)"]
[EventRounds "11"]
[EventCountry "USA"]
[SourceTitle "CB12_2024"]
[SourceDate "2023.10.01"]
[SourceVersion "1"]
[SourceVersionDate "2023.10.01"]
[SourceQuality "1"]

1. e4 e5 2. Nf3 Nf6 3. d4 Nxe4 4. Bd3 d5 5. Nxe5 Nd7 6. Nc3 Bb4 7. 0-0 Nxe5 8. dxe5 Nxc3 9. bxc3 Bxc3 10. Rb1 0-0 11. Bxh7+ Kxh7 12. Qd3+ Kg8 13. Qxc3 b6 14. Rb3 Bf5 15. Qd2 Qe7 16. Re1 Rad8 17. Rg3 Bg6 18. c3 Qe6 19. h4 d4 20. cxd4 c5 21. Qg5 Qf5 22. dxc5 bxc5 23. h5 Qxg5 24. Bxg5 f6 25. exf6 Bf7 26. fxg7 Rfe8 27. Rxe8+ Rxe8 28. h6 Re1+ 29. Kh2 Bxa2 30. Rd3 Kh7 31. Rd8 Bg8 32. g4 c4 33. Be3 c3 34. Rc8 Be6 35. Rxc3 Bxg4 36. Rc7 Be6 37. Rxa7 Bg8 38. Kg3 Rb1 39. Rc7 Rb5 40. Kg4 Rd5 41. Bg5 Be6+ 42. Kh4 Rd4+ 43. f4 Bg8 44. Re7 Rd3 45. Kg4 Rd4 46. Re8 Rc4 47. Kf5 Rd4 48. Ke5 Rd5+ 49. Ke4 Rb5 50. f5 Rb4+ 51. Ke5 Rb5+ 52. Kf4 Rb4+ 53. Kg3 Rb3+ 54. Kg4 Rb4+ 55. Bf4 Rb6 56. Rf8 Rc6 57. f6 Be6+ 58. Kh4 Rc3 59. f7 Rh3+ 60. Kg5 Bxf7 61. Rh8# 1-0

[Event "Titled Tuesday intern op 27th Feb Late"]
[Site "Chess.com INT"]
[Date "2024.02.27"]
[Round "2"]
[White "Quesada Perez, Yuniesky"]
[Black "Jarocka, Liwia"]
[Result "1-0"]
[WhiteElo "2591"]
[BlackElo "2199"]
[PlyCount "59"]
[EventDate "2024.02.27"]
[EventType "swiss (blitz)"]
[EventRounds "11"]
[EventCountry "USA"]
[SourceTitle "CB10_2024"]
[SourceDate "2024.03.06"]
[SourceVersion "1"]
[SourceVersionDate "2024.03.06"]
[SourceQuality "1"]

1. e4 c5 2. Nf3 d6 3. d4 cxd4 4. Nxd4 Nf6 5. Nc3 Nc6 6. Bg5 e6 7. Qd2 a6 8. 0-0-0 h6 9. Be3 Bd7 10. f3 Be7 11. Kb1 b5 12. Nxc6 Bxc6 13. Ne2 Qc7 14. Nd4 Bd7 15. g4 Rc8 16. h4 e5 17. Nf5 Bxf5 18. exf5 d5 19. Qg2 d4 20. Bc1 Nd5 21. Bd3 Nb4 22. Be4 Qc4 23. b3 Qc7 24. g5 Qa5 25. a3 Nc6 26. f4 Bxa3 27. Bxc6+ Kf8 28. Bxa3+ Qxa3 29. fxe5 Qc5 30. Bd7 1-0

[Event "Titled Tuesday intern op 20th Jun Early"]
[Site "Chess.com INT"]
[Date "2023.06.20"]
[Round "4"]
[White "Grutter, Tim"]
[Black "Quesada Perez, Yuniesky"]
[Result "0-1"]
[WhiteElo "2300"]
[BlackElo "2591"]
[PlyCount "114"]
[EventDate "2023.06.20"]
[EventType "swiss (blitz)"]
[EventRounds "11"]
[EventCountry "USA"]
[SourceTitle "EXT 2024"]
[Source "ChessBase"]
[SourceDate "2023.10.10"]
[SourceVersion "1"]
[SourceVersionDate "2023.10.10"]
[SourceQuality "1"]

1. d4 Nf6 2. Nc3 d5 3. Bf4 a6 4. e3 Bf5 5. f3 e6 6. g4 Bg6 7. h4 h6 8. Bd3 Bxd3 9. Qxd3 c5 10. Nge2 Nc6 11. 0-0-0 Qa5 12. Kb1 b5 13. Ng3 b4 14. Nce2 c4 15. Qd2 c3 16. Qd3 Nd7 17. Nc1 cxb2 18. Nb3 Qa3 19. e4 Nb6 20. Nc5 Qxd3 21. Rxd3 Nxd4 22. Nb3 Nb5 23. Kxb2 Rc8 24. Rh2 g6 25. Kc1 Bg7 26. Be3 dxe4 27. Nxe4 Nc4 28. Bd4 Nxd4 29. Rxd4 0-0 30. Rd7 Rfd8 31. Rxd8+ Rxd8 32. Rh1 a5 33. Nbc5 Be5 34. Nd3 Bd4 35. g5 h5 36. Rf1 Kf8 37. Rd1 Ke7 38. Re1 Rc8 39. Re2 Na3 40. Kd1 Nb5 41. Ke1 Rc7 42. Kd1 Bg7 43. Nc1 Nd4 44. Rf2 Nf5 45. Rh2 Be5 46. Rh3 Ne3+ 47. Ke2 Nxc2 48. Kd3 Ne1+ 49. Ke2 Rxc1 50. Nd2 Rc2 51. Kxe1 Bc3 52. Rh2 Rxa2 53. Kd1 Rxd2+ 54. Rxd2 Bxd2 55. Kxd2 Kd6 56. Kc2 Kc5 57. Kb3 Kd4 0-1

[Event "Titled Tuesday intern op 20th Jun Early"]
[Site "Chess.com INT"]
[Date "2023.06.20"]
[Round "1"]
[White "Quesada Perez, Yuniesky"]
[Black "Toncheva, Nadya"]
[Result "1-0"]
[WhiteElo "2591"]
[BlackElo "2263"]
[PlyCount "107"]
[EventDate "2023.06.20"]
[EventType "swiss (blitz)"]
[EventRounds "11"]
[EventCountry "USA"]
[SourceTitle "EXT 2024"]
[Source "ChessBase"]
[SourceDate "2023.10.10"]
[SourceVersion "1"]
[SourceVersionDate "2023.10.10"]
[SourceQuality "1"]

1. e4 c5 2. Nf3 Nc6 3. Bb5 e6 4. c3 Nge7 5. Qe2 a6 6. Ba4 b5 7. Bc2 d5 8. e5 d4 9. Be4 Bb7 10. 0-0 Nd5 11. d3 Be7 12. cxd4 Nxd4 13. Nxd4 cxd4 14. Qg4 g6 15. Bh6 Qb6 16. Qg3 0-0-0 17. a4 Kb8 18. axb5 axb5 19. Nd2 Rc8 20. Nf3 Rc2 21. Rab1 Rhc8 22. Ng5 Bxg5 23. Bxg5 Nb4 24. Be7 Bxe4 25. Bxb4 Bd5 26. Bd6+ Kb7 27. b4 R2c6 28. Qf4 f5 29. Bc5 Qd8 30. Ra1 Ra8 31. Qxd4 Rca6 32. Rxa6 Rxa6 33. h4 Ra3 34. Bd6 Qb6 35. Bc5 Qd8 36. Rc1 Ra8 37. f3 Rc8 38. Kh2 Ra8 39. Rc2 Bc6 40. Bd6 Rc8 41. Qf4 Bd5 42. Bc5 Ra8 43. Bf2 Rc8 44. Rxc8 Qxc8 45. Qe3 Qd7 46. Qa7+ Kc8 47. Qc5+ Kd8 48. Qf8+ Kc7 49. Bc5 Kb7 50. Bd6 Qc8 51. Qe7+ Ka6 52. Qxh7 Qc2 53. Bc5 Bb7 54. Qc7 1-0

[Event "Titled Tuesday intern op 20th Jun Early"]
[Site "Chess.com INT"]
[Date "2023.06.20"]
[Round "6"]
[White "Quesada Perez, Yuniesky"]
[Black "Trifan, Andrei Ioan"]
[Result "1-0"]
[WhiteElo "2591"]
[BlackElo "2300"]
[PlyCount "87"]
[EventDate "2023.06.20"]
[EventType "swiss (blitz)"]
[EventRounds "11"]
[EventCountry "USA"]
[SourceTitle "EXT 2024"]
[Source "ChessBase"]
[SourceDate "2023.10.10"]
[SourceVersion "1"]
[SourceVersionDate "2023.10.10"]
[SourceQuality "1"]

1. e4 e5 2. Nf3 Nc6 3. Bb5 a6 4. Ba4 Nf6 5. 0-0 Be7 6. Re1 b5 7. Bb3 d6 8. c3 0-0 9. h3 Nb8 10. d4 Nbd7 11. c4 c6 12. Qc2 Bb7 13. Nc3 b4 14. Ne2 c5 15. d5 a5 16. a4 Re8 17. Ng3 g6 18. Be3 Bf8 19. Qd2 Bg7 20. Bc2 Ba6 21. b3 Qe7 22. Rf1 Qf8 23. Rae1 h6 24. Nh2 Nh7 25. Kh1 h5 26. f4 exf4 27. Bxf4 Bc3 28. Qc1 Bxe1 29. Qxe1 Ne5 30. Qd2 Ra7 31. Ne2 Qe7 32. Ng1 f6 33. Nhf3 Qg7 34. Bh6 Qe7 35. Nh4 Nf8 36. Ngf3 Nxf3 37. Rxf3 Kh7 38. Rg3 f5 39. Bg5 Qe5 40. Bf4 Qa1+ 41. Kh2 fxe4 42. Bxd6 Qf6 43. Bxf8 Qxh4 44. Qh6+ 1-0

[Event "Titled Tuesday intern op 23rd May Early"]
[Site "Chess.com INT"]
[Date "2023.05.23"]
[Round "11"]
[White "Nazari, Arad"]
[Black "Quesada Perez, Yuniesky"]
[Result "0-1"]
[WhiteElo "2367"]
[BlackElo "2590"]
[PlyCount "74"]
[EventDate "2023.05.23"]
[EventType "swiss (blitz)"]
[EventRounds "11"]
[EventCountry "USA"]
[SourceTitle "CBM 214 Extra"]
[Source "ChessBase"]
[SourceDate "2023.07.31"]
[SourceVersion "1"]
[SourceVersionDate "2023.07.31"]
[SourceQuality "1"]

1. e4 c5 2. Nf3 e6 3. d4 cxd4 4. Nxd4 Nc6 5. Nc3 a6 6. Be3 Nf6 7. Qf3 Bb4 8. Nxc6 bxc6 9. Qg3 Nxe4 10. Qxg7 Qf6 11. Qxf6 Nxf6 12. Bd4 Ke7 13. a3 Ba5 14. 0-0-0 Rg8 15. h3 d5 16. g4 Rb8 17. Bd3 Bb6 18. Be5 Ra8 19. f4 h6 20. Na4 Be3+ 21. Kb1 Nd7 22. Bh7 Nxe5 23. Bxg8 Bxf4 24. Rhf1 Bg5 25. Rde1 f6 26. Rxe5 fxe5 27. Rf7+ Kd6 28. c4 c5 29. Nb6 Rb8 30. Rf8 Rxb6 31. Rxc8 e4 32. Kc2 d4 33. Re8 d3+ 34. Kd1 Ke5 35. b4 e3 36. bxc5 e2+ 37. Ke1 Rb1+ 0-1

[Event "Titled Tuesday intern op 23rd May Early"]
[Site "Chess.com INT"]
[Date "2023.05.23"]
[Round "6"]
[White "Quesada Perez, Yuniesky"]
[Black "Radzhabov, Rodion"]
[Result "1-0"]
[WhiteElo "2590"]
[BlackElo "2308"]
[PlyCount "39"]
[EventDate "2023.05.23"]
[EventType "swiss (blitz)"]
[EventRounds "11"]
[EventCountry "USA"]
[SourceTitle "CBM 214 Extra"]
[Source "ChessBase"]
[SourceDate "2023.07.31"]
[SourceVersion "1"]
[SourceVersionDate "2023.07.31"]
[SourceQuality "1"]

1. e4 c5 2. Nf3 e6 3. d4 cxd4 4. Nxd4 Nc6 5. Nc3 Qc7 6. f4 a6 7. Nxc6 bxc6 8. Bd3 d5 9. 0-0 Nf6 10. Qe2 Be7 11. Bd2 Bb7 12. Rae1 0-0 13. Kh1 Rfe8 14. e5 Nd7 15. f5 Nc5 16. f6 Bf8 17. Bxh7+ Kxh7 18. Qh5+ Kg8 19. Rf3 g6 20. Qh4 1-0

[Event "Titled Tuesday intern op 16th May Early"]
[Site "Chess.com INT"]
[Date "2023.05.16"]
[Round "3"]
[White "Quesada Perez, Yuniesky"]
[Black "Kuznetsov, Mikhail V"]
[Result "1-0"]
[WhiteElo "2590"]
[BlackElo "2246"]
[PlyCount "55"]
[EventDate "2023.05.16"]
[EventType "swiss (blitz)"]
[EventRounds "11"]
[EventCountry "USA"]
[SourceTitle "CBM 214 Extra"]
[Source "ChessBase"]
[SourceDate "2023.07.31"]
[SourceVersion "1"]
[SourceVersionDate "2023.07.31"]
[SourceQuality "1"]

1. e4 c6 2. d4 d5 3. e5 Bf5 4. Nd2 e6 5. Nb3 Nd7 6. Nf3 a6 7. Be2 c5 8. dxc5 Nxc5 9. Nfd4 Bg6 10. 0-0 Nxb3 11. axb3 Ne7 12. Be3 Nf5 13. Nxf5 Bxf5 14. c3 Be7 15. b4 0-0 16. Qd2 Qc7 17. Bd4 Qc6 18. Qe3 Rae8 19. Ra5 Bd8 20. b5 Qc7 21. Raa1 f6 22. bxa6 bxa6 23. Rxa6 Qb8 24. b4 fxe5 25. Bxe5 Qb7 26. Ra7 Qc8 27. Rxg7+ Kh8 28. Qh6 1-0

[Event "Titled Tuesday intern op 16th May Early"]
[Site "Chess.com INT"]
[Date "2023.05.16"]
[Round "5"]
[White "Quesada Perez, Yuniesky"]
[Black "Tokman, Ariel"]
[Result "1/2-1/2"]
[WhiteElo "2590"]
[BlackElo "2330"]
[PlyCount "112"]
[EventDate "2023.05.16"]
[EventType "swiss (blitz)"]
[EventRounds "11"]
[EventCountry "USA"]
[SourceTitle "CBM 214 Extra"]
[Source "ChessBase"]
[SourceDate "2023.07.31"]
[SourceVersion "1"]
[SourceVersionDate "2023.07.31"]
[SourceQuality "1"]

1. e4 c5 2. Nf3 e6 3. d4 cxd4 4. Nxd4 a6 5. Be2 Qc7 6. 0-0 Nf6 7. Nc3 Be7 8. f4 d6 9. Be3 b5 10. Bf3 Bb7 11. e5 dxe5 12. Bxb7 exd4 13. Bxa8 dxe3 14. Kh1 0-0 15. Qf3 Nbd7 16. Be4 Nb6 17. Bd3 Bc5 18. Ne4 Nxe4 19. Qxe4 g6 20. b4 Be7 21. Qxe3 Nd5 22. Qe4 Nxb4 23. a4 Nxd3 24. cxd3 Bf6 25. Rac1 Qd7 26. axb5 axb5 27. Rfd1 Rd8 28. Qc6 Qd4 29. Qe4 b4 30. Qxd4 Bxd4 31. Rb1 Bc3 32. g3 h5 33. Kg2 Kg7 34. Kf3 Ra8 35. d4 Ra2 36. h3 Rh2 37. Rh1 Rxh1 38. Rxh1 Bxd4 39. Ke4 Bc3 40. Rc1 Kf6 41. g4 hxg4 42. hxg4 g5 43. Rf1 gxf4 44. Rxf4+ Kg6 45. Rf3 Bf6 46. Rd3 Bc3 47. Rf3 Kg7 48. Kd3 Kg6 49. Kc4 f6 50. Re3 e5 51. Rf3 Kg5 52. Rf5+ Kg6 53. Kd3 Bd4 54. Kc4 Bc3 55. Kb3 Kg7 56. Kc4 Kg6 1/2-1/2

[Event "Titled Tuesday intern op 09th May Early"]
[Site "Chess.com INT"]
[Date "2023.05.09"]
[Round "11"]
[White "Quesada Perez, Yuniesky"]
[Black "Kvaloy, Aksel Bu"]
[Result "1-0"]
[WhiteElo "2590"]
[BlackElo "2321"]
[PlyCount "145"]
[EventDate "2023.05.09"]
[EventType "swiss (blitz)"]
[EventRounds "11"]
[EventCountry "USA"]
[SourceTitle "CBM 214 Extra"]
[Source "ChessBase"]
[SourceDate "2023.07.31"]
[SourceVersion "1"]
[SourceVersionDate "2023.07.31"]
[SourceQuality "1"]

1. e4 e5 2. Nf3 Nf6 3. d3 Nc6 4. Be2 d5 5. Nbd2 Bc5 6. 0-0 0-0 7. c3 a5 8. b3 Re8 9. Bb2 h6 10. a3 b5 11. b4 axb4 12. axb4 Ba7 13. Qc2 Be6 14. Rad1 d4 15. cxd4 Nxb4 16. Qc3 Na2 17. Qc6 exd4 18. e5 Nd5 19. g3 Nac3 20. Rde1 Bh3 21. Ne4 Nxe2+ 22. Rxe2 Bxf1 23. Kxf1 Nc3 24. Nxc3 dxc3 25. Qxc3 Qd5 26. Re4 Re6 27. Rf4 c6 28. h4 Rd8 29. d4 c5 30. dxc5 Bxc5 31. Kg2 b4 32. Qc2 Rc6 33. Qf5 Qe6 34. Qe4 Be7 35. Nd4 Rxd4 36. Bxd4 b3 37. Rf3 Qc4 38. Rc3 Qxc3 39. Bxc3 Rxc3 40. Qa8+ Bf8 41. Qb7 Rc5 42. e6 fxe6 43. Qxb3 Rd5 44. Qb7 Rf5 45. g4 Rd5 46. h5 Bd6 47. Qd7 Rd2 48. Qxe6+ Kh8 49. Qe8+ Kh7 50. Qe4+ Kh8 51. Kf1 Bc5 52. f4 Bd4 53. g5 hxg5 54. fxg5 Bc3 55. g6 Rd8 56. Kg2 Bf6 57. Qe6 Rf8 58. Qd7 Rd8 59. Qf7 Rd2+ 60. Kf3 Rd8 61. h6 Ra8 62. Qd7 Ra3+ 63. Ke2 Ra8 64. hxg7+ Bxg7 65. Qh3+ Kg8 66. Qe6+ Kh8 67. Qh3+ Kg8 68. Qh7+ Kf8 69. Qh5 Re8+ 70. Kf3 Re5 71. Qg4 Re8 72. Qf5+ Kg8 73. Qf7+ 1-0

[Event "Titled Tuesday intern op 09th May Early"]
[Site "Chess.com INT"]
[Date "2023.05.09"]
[Round "8"]
[White "Quesada Perez, Yuniesky"]
[Black "Leiva Rodriguez, Jeammarco Giuseppe"]
[Result "1-0"]
[WhiteElo "2590"]
[BlackElo "2392"]
[PlyCount "125"]
[EventDate "2023.05.09"]
[EventType "swiss (blitz)"]
[EventRounds "11"]
[EventCountry "USA"]
[SourceTitle "CBM 214 Extra"]
[Source "ChessBase"]
[SourceDate "2023.07.31"]
[SourceVersion "1"]
[SourceVersionDate "2023.07.31"]
[SourceQuality "1"]

1. e4 c5 2. Nf3 d6 3. d4 cxd4 4. Nxd4 Nf6 5. Nc3 a6 6. Be3 e5 7. Nb3 Be7 8. Qd2 Be6 9. 0-0-0 Ng4 10. g3 Nxe3 11. Qxe3 Nd7 12. f4 Qb6 13. Qe1 Nf6 14. Kb1 0-0 15. f5 Bd7 16. Bc4 Rfc8 17. Nd5 Nxd5 18. Bxd5 a5 19. a3 a4 20. Nc1 Qa5 21. Qxa5 Rxa5 22. Bxb7 Rb8 23. Bd5 Bg5 24. Nd3 Bxf5 25. Bxf7+ Kxf7 26. Rhf1 g6 27. Nb4 Ke6 28. exf5+ gxf5 29. Nc6 Rab5 30. Nxb8 Rxb8 31. Rf2 e4 32. c3 d5 33. Kc2 Be3 34. Re2 Bh6 35. Rf1 Ke5 36. Ref2 Rf8 37. Rd1 Be3 38. Rg2 h5 39. b3 axb3+ 40. Kxb3 Rb8+ 41. Kc2 Ra8 42. Ra1 d4 43. cxd4+ Bxd4 44. Ra2 h4 45. a4 h3 46. Re2 f4 47. gxf4+ Kxf4 48. Ra3 Rc8+ 49. Kd2 e3+ 50. Kd3 Rd8 51. Raa2 Kf3 52. a5 Be5+ 53. Kc4 Bf4 54. a6 Rd2 55. a7 Rxe2 56. Rxe2 Kxe2 57. a8Q Bxh2 58. Qh1 Bg3 59. Qxh3 Bf2 60. Qg4+ Kd2 61. Qd4+ Kc1 62. Kd3 e2 63. Qa1# 1-0

[Event "Titled Tuesday intern op 09th May Early"]
[Site "Chess.com INT"]
[Date "2023.05.09"]
[Round "3"]
[White "Quesada Perez, Yuniesky"]
[Black "Manukyan, Sargis A"]
[Result "1-0"]
[WhiteElo "2590"]
[BlackElo "2158"]
[PlyCount "135"]
[EventDate "2023.05.09"]
[EventType "swiss (blitz)"]
[EventRounds "11"]
[EventCountry "USA"]
[SourceTitle "CBM 214 Extra"]
[Source "ChessBase"]
[SourceDate "2023.07.31"]
[SourceVersion "1"]
[SourceVersionDate "2023.07.31"]
[SourceQuality "1"]

1. e4 c5 2. Nf3 d6 3. d4 cxd4 4. Nxd4 Nf6 5. Nc3 g6 6. Be3 Bg7 7. f3 0-0 8. Qd2 Nc6 9. 0-0-0 d5 10. Nxc6 bxc6 11. Bc4 e6 12. Bb3 a5 13. h4 Nd7 14. Bh6 Qf6 15. h5 Nc5 16. Bxg7 Qxg7 17. hxg6 hxg6 18. Na4 Nxa4 19. Bxa4 Rb8 20. c3 c5 21. Rh4 dxe4 22. fxe4 Bb7 23. Rdh1 Rfd8 24. Qg5 Rbc8 25. e5 Rd5 26. Qf6 Qxf6 27. exf6 Rh5 28. Rxh5 gxh5 29. Rxh5 Be4 30. Bc2 Bd5 31. Rg5+ Kf8 32. Bh7 Ke8 33. Rg8+ Kd7 34. Rg7 e5 35. Bf5+ Be6 36. Rxf7+ Kd6 37. Bxe6 Kxe6 38. Ra7 Kxf6 39. Rxa5 Kf5 40. Kd2 Ke4 41. Ra4+ Kf5 42. g4+ Ke6 43. Ke3 Rh8 44. Ke4 Rg8 45. Ra6+ Kd7 46. Kxe5 Rxg4 47. Kd5 Rg5+ 48. Kc4 Kc7 49. Kb5 Rg2 50. b3 Rg5 51. c4 Kb7 52. Rc6 Rg2 53. Rxc5 Rxa2 54. Rh5 Rg2 55. Rh7+ Kc8 56. b4 Rg6 57. c5 Rf6 58. c6 Rg6 59. Kb6 Rg8 60. Ra7 Kb8 61. c7+ Kc8 62. Ra8+ Kd7 63. Rxg8 Ke7 64. c8Q Kd6 65. Rg6+ Ke7 66. Re6+ Kf7 67. Qd7+ Kg8 68. Re8# 1-0

[Event "Titled Tuesday intern op 09th May Early"]
[Site "Chess.com INT"]
[Date "2023.05.09"]
[Round "9"]
[White "Quesada Perez, Yuniesky"]
[Black "Simonian, Hrair"]
[Result "0-1"]
[WhiteElo "2590"]
[BlackElo "2431"]
[PlyCount "92"]
[EventDate "2023.05.09"]
[EventType "swiss (blitz)"]
[EventRounds "11"]
[EventCountry "USA"]
[SourceTitle "CBM 214 Extra"]
[Source "ChessBase"]
[SourceDate "2023.07.31"]
[SourceVersion "1"]
[SourceVersionDate "2023.07.31"]
[SourceQuality "1"]

1. e4 c5 2. Nf3 d6 3. d4 cxd4 4. Nxd4 Nf6 5. Nc3 a6 6. Be3 e5 7. Nb3 Be6 8. Qd2 Nbd7 9. 0-0-0 Rc8 10. f4 exf4 11. Bxf4 Ne5 12. Nd4 Be7 13. Nf5 Bxf5 14. exf5 0-0 15. Kb1 Qc7 16. h3 b5 17. a3 Nc4 18. Bxc4 Qxc4 19. Rhe1 Rfe8 20. g4 b4 21. axb4 Qxb4 22. g5 Rb8 23. b3 Nh5 24. Be3 Bf8 25. Bd4 a5 26. Rxe8 Rxe8 27. Nd5 Qb7 28. Bb2 a4 29. bxa4 Rb8 30. Qd4 Ng3 31. a5 Ne2 32. Qb6 Qc8 33. Qe3 Qb7 34. Nb6 Qg2 35. f6 g6 36. Ka2 Ng3 37. Rg1 Qxc2 38. Rxg3 d5 39. Qb3 Qf2 40. Rc3 d4 41. Rc4 Qe1 42. Qb5 d3 43. Rd4 d2 44. Qd5 Bb4 45. Bc3 d1Q 46. Rd3 Qb1# 0-1

[Event "Titled Tuesday intern op 02nd May Early"]
[Site "Chess.com INT"]
[Date "2023.05.02"]
[Round "1"]
[White "Eggink, Ryszard"]
[Black "Quesada Perez, Yuniesky"]
[Result "0-1"]
[WhiteElo "2386"]
[BlackElo "2590"]
[PlyCount "94"]
[EventDate "2023.05.02"]
[EventType "swiss (blitz)"]
[EventRounds "11"]
[EventCountry "USA"]
[SourceTitle "EXT 2024"]
[Source "ChessBase"]
[SourceDate "2023.10.10"]
[SourceVersion "1"]
[SourceVersionDate "2023.10.10"]
[SourceQuality "1"]

1. d4 Nf6 2. Nf3 d5 3. c4 e6 4. Nc3 c6 5. Bg5 Nbd7 6. e3 h6 7. Bxf6 Nxf6 8. Bd3 dxc4 9. Bxc4 Be7 10. 0-0 b5 11. Bd3 Bb7 12. Ne5 0-0 13. Rc1 Rc8 14. Ne4 Qd5 15. Nc5 Bxc5 16. Rxc5 Qxa2 17. Qa1 Qxa1 18. Rxa1 a6 19. Rac1 Rfd8 20. Nxc6 Bxc6 21. Rxc6 Rxc6 22. Rxc6 Ra8 23. Kf1 Kf8 24. Ke2 Ra7 25. e4 Ke7 26. h3 Kd7 27. Rc5 Ne8 28. e5 Nc7 29. Be4 Na8 30. d5 exd5 31. Bxd5 Ke7 32. f4 Nb6 33. Bb3 Nd7 34. Rc6 a5 35. Ke3 a4 36. Bd5 b4 37. Kd4 a3 38. bxa3 bxa3 39. Ba2 Ra4+ 40. Ke3 g5 41. g3 Ra7 42. Rxh6 gxf4+ 43. gxf4 Rc7 44. Ra6 Rc3+ 45. Kd4 Rf3 46. Ke4 Rxh3 47. f5 Nc5+ 0-1

[Event "Titled Tuesday intern op 02nd May Early"]
[Site "Chess.com INT"]
[Date "2023.05.02"]
[Round "6"]
[White "Koellner, Ruben Gideon"]
[Black "Quesada Perez, Yuniesky"]
[Result "1-0"]
[WhiteElo "2426"]
[BlackElo "2590"]
[PlyCount "137"]
[EventDate "2023.05.02"]
[EventType "swiss (blitz)"]
[EventRounds "11"]
[EventCountry "USA"]
[SourceTitle "EXT 2024"]
[Source "ChessBase"]
[SourceDate "2023.10.10"]
[SourceVersion "1"]
[SourceVersionDate "2023.10.10"]
[SourceQuality "1"]

1. d4 d5 2. Nf3 Nf6 3. e3 c5 4. c3 Nc6 5. Nbd2 cxd4 6. exd4 Bf5 7. Bb5 e6 8. Qa4 Qb6 9. Ne5 Rc8 10. Nb3 Bd6 11. Na5 Bxe5 12. dxe5 Nd7 13. Be3 Qxa5 14. Bxc6 Qxa4 15. Bxa4 a6 16. Bxd7+ Kxd7 17. Bd4 g5 18. h4 g4 19. Kd2 h5 20. Ke3 Be4 21. f3 Bf5 22. Rhg1 Rhg8 23. Raf1 Rg6 24. Kf4 Rcg8 25. Rc1 Kc8 26. c4 dxc4 27. Rxc4+ Kb8 28. Rcc1 Rd8 29. Bb6 Rd5 30. Rgd1 Rxd1 31. Rxd1 Rg8 32. Rd7 gxf3 33. gxf3 Bg6 34. a4 Kc8 35. Rc7+ Kb8 36. a5 Rc8 37. Re7 Rg8 38. Kg5 Rh8 39. Kf6 Rg8 40. f4 Kc8 41. Rc7+ Kb8 42. Re7 Kc8 43. Rc7+ Kb8 44. Rxf7 Bxf7 45. Kxf7 Rg4 46. f5 exf5 47. e6 Rxh4 48. e7 Re4 49. e8Q+ Rxe8 50. Kxe8 h4 51. Kd7 h3 52. Bc7+ Ka7 53. Ke6 b6 54. axb6+ Kb7 55. Kxf5 a5 56. Kg4 h2 57. Bxh2 Kxb6 58. Bd6 Kb5 59. Ba3 Kc4 60. Kf5 Kb3 61. Ke6 Ka4 62. Kd6 Kb5 63. Kd5 Ka4 64. Kc5 Kb3 65. Kb5 a4 66. Ka5 Ka2 67. Kxa4 Kb1 68. b4 Ka2 69. b5 1-0

[Event "Titled Tuesday intern op 02nd May Early"]
[Site "Chess.com INT"]
[Date "2023.05.02"]
[Round "4"]
[White "Nakamura, Hikaru"]
[Black "Quesada Perez, Yuniesky"]
[Result "1-0"]
[WhiteElo "2775"]
[BlackElo "2590"]
[PlyCount "111"]
[EventDate "2023.05.02"]
[EventType "swiss (blitz)"]
[EventRounds "11"]
[EventCountry "USA"]
[SourceTitle "EXT 2024"]
[Source "ChessBase"]
[SourceDate "2023.10.10"]
[SourceVersion "1"]
[SourceVersionDate "2023.10.10"]
[SourceQuality "1"]

1. Nf3 d5 2. e3 Nf6 3. c4 c6 4. d4 e6 5. Bd3 Nbd7 6. Nbd2 Be7 7. e4 dxe4 8. Nxe4 Nxe4 9. Bxe4 Nf6 10. Bc2 c5 11. 0-0 0-0 12. b3 b6 13. dxc5 Qxd1 14. Rxd1 Bxc5 15. Bb2 Bb7 16. Ne5 Rfd8 17. Kf1 Kf8 18. f3 Ke7 19. Ke2 h6 20. Nd3 Bd6 21. g3 g5 22. Nf2 Bc5 23. Bc3 Rac8 24. Rac1 Ba3 25. Rxd8 Rxd8 26. Rf1 Bc5 27. Nd3 Bd6 28. Bb2 Nd7 29. f4 g4 30. Ke3 Nc5 31. Ne5 f5 32. Rd1 Ne4 33. Bxe4 Bxe4 34. Nxg4 Bc2 35. Bf6+ Kf7 36. Bxd8 Bxd1 37. Nxh6+ Kg6 38. Ng8 Kf7 39. Nf6 Bc2 40. Nh7 Bb1 41. Kd2 e5 42. fxe5 Bxe5 43. Ng5+ Kg6 44. Nf3 Bd6 45. Kc3 Be4 46. Nh4+ Kf7 47. Bg5 Be5+ 48. Kb4 Bc6 49. Nxf5 a5+ 50. Ka3 Be4 51. Ne3 Bd6+ 52. Kb2 Be5+ 53. Kc1 Bd4 54. Bf4 Kg6 55. Nc2 Bc5 56. Be3 1-0